Leibniz a idea systému

Význam pojmu systém v Leibnizovej filozofii.

Na minha lista:
Detalhes bibliográficos
Autor principal: Leduc, Christian
Formato: Capítulo de Livro
Idioma:eslovaco
Assuntos:
Tags: Adicionar Tag
Sem tags, seja o primeiro a adicionar uma tag!

MARC

LEADER 00000naa a2200000 4500
001 0248789
005 20181112120930.5
041 0 |a slo 
044 |a SK 
245 1 0 |a Leibniz a idea systému  |c Christian Leduc 
520 |a Význam pojmu systém v Leibnizovej filozofii. 
610 2 0 |a systémy filozofické 
610 2 0 |a pojmy 
610 2 0 |a hypotézy 
610 2 0 |a encyklopédie 
100 1 |a Leduc, Christian